00385nam a22001337a 450000500170000000800410001704100230005808200120008110000230009324500400011626000360015630000340019265000250022620240829103053.0240829b |||||||| |||| 00| 0 eng d aEnglish/Afrikaans  a349 LAW lEnglish/Afrikaans  aThe Laws of South West Africa 1943  aWindhoek:bBy Authority, c1943 blxxxiii, 687 pages; c25 cm.  aLegal practice bLaw